1491 1832 1028 1000 1600 1457 1064 1979 1634 1022 1874 1129 1804 1204 1352 1483 1611 1093 1683 1075 1596 1061 1610 1309 1477 1721 1227 1323 1558 1804 1615 1753 1602 1865 1940 1567 1473 1195 1669 1325 1836 1496 1897 1094 1346 1363 1185 1185 1963 1071 1991 1438 1268 1545 1137 1082 1917 1035 1398 1266 1027 1705 1747 2000 1941 1612 1710 1394 1684 1916 1810 1794 1577 1539 1960 1720 1435 1200 1315 1891 1271 1186 1554 1960 1520 1059 1874 1055 1682 1426 1399 1628 1570 1015 1027 1140 1410 1280 1908 BCNSPRNW ULIB Ver.6.0+V

เปลี่ยนเป็นภาษาไทย

Change to English
 แสดงรายละเอียดบรรณานุกรม
  กลับหน้าหลัก

Brief Record : Get Marc (ISO 2709) : E-mail record : QR code < ปิดหน้าต่าง
LEADER : 00000nam 2200000uu 4500
001    13399124935
003     ULIB
008    160518s2548||||th 000 0 tha d
020    9789749906200
099    ^aนว.ม111ส
100    ^aคึกฤทธิ์ ปราโมช
245    ^aสี่แผ่นดิน
260    ^a ^bนานมีบุคส์,^c2548
945    ^p695^l0^i023620
999    ^aเกษร โพธิ์สุวรรณ
รายการนี้ยังไม่มีแท็ก
คุณยังไม่ได้ล็อกอิน คุณสามารถมีกิจกรรมร่วมกับเว็บไซต์ได้ แต่ต้องล็อกอินก่อน ::
  ล็อกอิน

รายการสื่อสารสนเทศ

ลำดับที่ ประเภท เลขเรียก/บาร์โค้ด สถานที่ สถานะ
1. นวนิยาย
นวนิยาย
นว.ม111ส ฉ.1 
  Barcode: 023620
ห้องสมุดวิทยาเขตสวรรค์ประชารักษ์
►นวนิยาย
ถูกยืม กำหนดส่งวันที่ 6 มีนาคม 2567
  จอง

รายการใกล้เคียง
    ชื่อเรื่อง [สี่แผ่นดิน]

BibComment


ยังไม่เคยถูกคอมเมนท์

คอมเมนท์ทรัพยากรรายการนี้
  คอมเมนท์: สี่แผ่นดิน


 Copyright 2026. Bcnsprnw @Library